01812nas a2200277 i 450000100060000000300090000600500170001500700030003200800410003504000410007604100080011711000910012524501000021626401060031630000680042231000150049033600290050533700350053433800300056936200320059950000610063152006230069265000650131565000660138065000880144647606DR-UNIBE20260316154929.0ta260316e2007 dr bn|p|r||||||0| ||spa d aBIBLIOTECA UNIBEcDO-SdBNPbspaerda aspa aRepública Dominicana. Procuraduría General de la RepúblicabMinisterio Público10aMinisterio público : bórgano de Difusión de la Procuraduría General de la República. aSanto Domingo, República Dominicana : bProcuraduría General de la República Dominicana,c2007. avolumen : bilustraciones, fotografías, gráficas c30.4 cm. aBimestral. atexto btxt 2rdacontent asin mediación bn 2rdamedia avolumen bnc 2rdacarrier aAño 1. No.1, agosto 2007. aCatalogación basada en el: Año 1. No.1, agosto 2007. aEl Ministerio Público es el organismo del sistema de justicia responsable de la formulación e implementación de la política del Estado contra la criminalidad, dirige la investigación penal y ejerce la acción penal pública en representación de la sociedad. En el ejercicio de sus funciones, el Ministerio Público respeta la Constitución y el ordenamiento jurídico dictado conforme a ésta, garantiza los derechos fundamentales que asisten a las personas, defiende el interés público tutelado por la ley, promueve la resolución alternativa de disputas y protege a las víctimas y testigos.  aDerechovPublicaciones periódicas zRepública Dominicana 0aFiscalesvPublicaciones periódicas zRepública Dominicana 0aAdministración de justicia vPublicaciones periódicas zRepública Dominicana